Memorias 2004 -2012 (Record no. 9498)

MARC details
000 -LEADER
campo de control de longitud fija 00374nam a2200145Ia 4500
001 - NÚMERO DE CONTROL
campo de control 2422
008 - DATOS DE LONGITUD FIJA--INFORMACIÓN GENERAL
campo de control de longitud fija 241024s9999 xx 000 0 und d
082 ## - NÚMERO DE LA CLASIFICACIÓN DECIMAL DEWEY
Número de clasificación RD/350.7/AP644m/2004-2012
100 ## - ENTRADA PRINCIPAL--NOMBRE DE PERSONA
Nombre de persona APORDOM (Autoridad Portuaria Dominicana)
245 #0 - MENCIÓN DEL TÍTULO
Título Memorias 2004 -2012
260 ## - PUBLICACIÓN, DISTRIBUCIÓN, ETC.
Nombre del editor, distribuidor, etc. Ed. Centenario
Fecha de publicación, distribución, etc. 2012
590 ## - NOTA LOCAL (RLIN)
Nota local si
901 ## - ELEMENTOS DE DATOS A LOCAL LDA (RLIN)
a 28/8/2012 4:00:58 p.m.

No items available.

© 2024. Todos los Derechos Reservados. Desarrollado por IDEICE